|
|
|
|
| LEADER |
00959nam a2200265 4500 |
| 001 |
c000352296 |
| 003 |
CARM |
| 005 |
00000000000000.0 |
| 008 |
710615c19711970nyua b 00100 eng |
| 019 |
1 |
|
|a 82219
|5 LACONCORD2021
|
| 035 |
|
|
|a (OCoLC)145158
|5 LACONCORD2021
|
| 050 |
0 |
0 |
|a HG4028.C45
|b O76
|
| 100 |
1 |
|
|a Orr, Daniel,
|d 1933-
|
| 245 |
1 |
0 |
|a Cash management and the demand for money.
|
| 260 |
|
|
|a New York,
|b Praeger Publishers
|c [1971, c1970]
|
| 300 |
|
|
|a xii, 212 p.
|b illus.
|c 22 cm.
|
| 490 |
0 |
|
|a New directions in management and economics
|
| 504 |
|
|
|a Bibliography: p. 207-212.
|
| 650 |
|
0 |
|a Cash management
|x Mathematical models.
|
| 650 |
|
0 |
|a Money.
|
| 650 |
|
0 |
|a Liquidity (Economics)
|
| 852 |
8 |
|
|b CARM
|h A1:AL20B0
|i B10027
|p 0452185
|f BK
|
| 082 |
0 |
4 |
|a 332.4/01
|
| 999 |
f |
f |
|i b5c8d972-3072-5a37-aa8f-0b505d3fa957
|s 90926cd9-206f-5928-8e2c-b34b19960d67
|
| 952 |
f |
f |
|p Can circulate
|a CAVAL
|b CAVAL
|c CAVAL
|d CARM 1 Store
|e B10027
|f A1:AL20B0
|h Other scheme
|i book
|m 0452185
|